01175nam a22002057a 4500003000900000008004100009020001800050040007100068082001800139100001800157245005000175260003600225300002700261440003800288505055000326650003000876650002100906650002700927650001500954AR-CdUCM190318b ||||| |||| 00| 0 spa d a84-02-06775-1 aMUNICIPALIDAD PROVINCIAL DEL CUSCOcBIBLIOTECA MUNICIPAL DEL CUSCO a940.53 /bZ67 aZentner, Kurt aGrandes Guerras de nuestro tiempo /bBruguera aBarcelona : bBruguera, c1980. a15 volúmenesc27 cm. aGrandes guerras de nuestro tiempo aContenido : v.1 : El tercer Reich I -- v.2 : El tercer Reich II -- v.3 : El tercer Reich III -- v.4 : La segunda Guerra mundial I-- v.5 : La segunda Guerra mundial II -- v.6 -- La segunda Guerra mundial III -- V.7 : La Resistencia I -- V.8 : La Resistencia II -- V.9 : La Resistencia III -- v.10 : Espías, Agentes y Soldados I -- v.11 : Espías, Agentes y Soldados II -- V.12 : Espías, Agentes y Soldados III -- V.13 : Las Guerras de la Postguerra I -- v.14 : Las Guerras de la Postguerra II -- v.15 : Las Guerras de la Postguerra III...  aGuerra Mundial, 1939-1945 aMovimientos nasi aSegunda guerra mundial aPostguerra